Statistics for Should I Stay or Should I Go - The Clash (All Lyrics)

Click here to take the quiz!

General Stats

  • This quiz has been taken 30 times
  • The average score is 211 of 244

Answer Stats

Answer% Correct
go
100%
go?
100%
I
100%
know
100%
let
100%
me?
100%
me
100%
or
100%
should
100%
Should
100%
stay
100%
be
96%
If
96%
if
96%
you
96%
and
92%
And
92%
got
92%
it
92%
So
92%
to
92%
trouble
92%
will
92%
double
88%
now?
88%
on
88%
the
88%
there
84%
come
80%
Come
80%
when
80%
I'm
68%
It's
68%
that
68%
your
68%
are
64%
back
64%
knees
64%
my
64%
always
60%
black
60%
Don't
60%
don't
60%
of
60%
One
60%
say
60%
want
60%
Darlin'
56%
day
56%
I'll
56%
is
56%
time
56%
You're
56%
end
52%
fine
52%
gotta
52%
mine
52%
next
52%
blow?
48%
even
48%
off
48%
Well
48%
clothes
44%
fit
44%
happy
44%
tease
44%
This
44%
'til
44%
free
40%
here
40%
cool
36%
set
36%
which
36%
buggin'
32%
Exactly
32%
supposed
32%
indecision's
28%
whom
28%

Score Distribution

Percentile by Number Answered

Percent of People with Each Score

Your Score History

You have not taken this quiz